LDR 01329naa#a2200229#i#450# 001 RU\\bibl\123384 005 20260705205454.7 011 ## _a1994-4683 100 ## _a20230731b2023####ek#y0rusy0150####ca 102 ## _aRU 200 1# _aМЕТОДОЛОГИЧЕСКИЕ АСПЕКТЫ ОБУЧЕНИЯ СТУДЕНТОВ В ОБЛАСТИ ОБЕСПЕЧЕНИЯ КИБЕРБЕЗОПАСНОСТИ НА ФАКУЛЬТАТИВНЫХ ЗАНЯТИЯХ _eЖурнальная статья 210 1# _aМосква _cНациональный государственный Университет физической культуры, спорта и здоровья им. П.Ф. Лесгафта _d2023 215 ## _a3 с. 608 ## _aЖурнальная статья _2local 675 ## _aПрофессорско-преподавательский состав и научный персонал. 378.12 _z 700 #1 _aЗуев _gАндрей Вячеславович 700 #1 _aБеседина _gВалентина Алексеевна 700 #1 _aБородин _gМихаил Павлович 700 #1 _aГараганов _gАртур Владимирович 700 #1 _aНиколаева _gНаталья Викторовна 700 #1 _aПлатонов _gАндрей Владимирович 856 4# _auchzapiski.lesgaft.spb.ru _u